Az üllési "Fonó" Kiváló Együttes /
Elmentve itt :
| Szerző: | |
|---|---|
| Dokumentumtípus: | Cikk |
| Megjelent: |
1983-11-13
|
| Sorozat: | Délmagyarország
73 No. 268 |
| Kulcsszavak: | Üllés, Táncművészet néptánc Üllés, Néprajz népművészet néptánc Üllés, Fonó Néptáncegyüttes (Üllés), Kitüntetés Kiváló Együttes Üllés |
| Online Access: | http://dmarchiv.bibl.u-szeged.hu/85636 |
| LEADER | 00614nab a2200157 i 4500 | ||
|---|---|---|---|
| 001 | delm85636 | ||
| 005 | 20190625133222.0 | ||
| 008 | 190625s1983 hu o 0|| hun d | ||
| 040 | |a SZTE Délmagyarország Archívum |b hun | ||
| 041 | |a hun | ||
| 100 | 1 | |a Sulyok Erzsébet | |
| 245 | 1 | 3 | |a Az üllési "Fonó" |h [elektronikus dokumentum] : |b Kiváló Együttes / |c Sulyok Erzsébet |
| 260 | |c 1983-11-13 | ||
| 300 | |a 5 | ||
| 490 | 0 | |a Délmagyarország |v 73 No. 268 | |
| 695 | |a Üllés, Táncművészet néptánc Üllés, Néprajz népművészet néptánc Üllés, Fonó Néptáncegyüttes (Üllés), Kitüntetés Kiváló Együttes Üllés | ||